000 00378 a2200145 4500
003 Nust
005 20170207153435.0
040 _cNust
082 _a005.1
100 _aYousuf , Furqan Muhammad
245 _aIntelligent classifier for a direct neural interface
_cMuhammad Furqan Yousuf & Midhat Ali
260 _aRawalpindi
_bMCS , NUST
_c2007
300 _a49p
650 _aUG Thesis
942 _2ddc
_cBK
999 _c186260
_d186260